La psicología de la memoria / (Record no. 28227)

MARC details
000 -LEADER
campo de control de longitud fija 00811nam a2200229 i 4500
001 - NÚMERO DE CONTROL
campo de control 28227
003 - IDENTIFICADOR DE NÚMERO DE CONTROL
campo de control ES-MaACL
007 - CAMPO FIJO DE DESCRIPCIÓN FÍSICA--INFORMACIÓN GENERAL
campo de control de longitud fija t|
008 - DATOS DE LONGITUD FIJA--INFORMACIÓN GENERAL
campo de control de longitud fija 030116s1983 sp ||||1| spa d
100 1# - ENTRADA PRINCIPAL--NOMBRE DE PERSONA
Nombre de persona Baddeley, Alan D.
9 (RLIN) 24519
245 13 - MENCIÓN DEL TÍTULO
Título La psicología de la memoria /
Mención de responsabilidad, etc. Alan D. Baddeley ; versión de María Victoria Sebastián, Tomás del Amo y Elvira García Bajos.
250 ## - MENCION DE EDICION
Mención de edición [1ª ed.].
260 ## - PUBLICACIÓN, DISTRIBUCIÓN, ETC.
Lugar de publicación, distribución, etc. Madrid :
Nombre del editor, distribuidor, etc. Debate,
Fecha de publicación, distribución, etc. [1983]
300 ## - DESCRIPCIÓN FÍSICA
Extensión 493 p. :
Otras características físicas il. ;
Dimensiones 23 cm.
490 1# - MENCIÓN DE SERIE
Mención de serie Colección universitaria. Serie de psicología
700 1# - ENTRADA AGREGADA--NOMBRE PERSONAL
Nombre de persona Sebastián, María Victoria.
9 (RLIN) 105008
700 1# - ENTRADA AGREGADA--NOMBRE PERSONAL
Nombre de persona Amo, Tomás del.
9 (RLIN) 21280
700 1# - ENTRADA AGREGADA--NOMBRE PERSONAL
Nombre de persona García Bajos, Elvira.
9 (RLIN) 54213
830 0# - PUNTO DE ACCESO ADICIONAL DE SERIE-TÍTULO UNIFORME
Título uniforme Colección universitaria. Serie de psicología
9 (RLIN) 181172
852 ## - LOCALIZACIÓN
Ubicación ES-MaACL
Número de control de estantería L-4954
Sublocalización o colección R.105175
Holdings
Estatus retirado Estado de pérdida Estado de daño No para préstamo Biblioteca de origen Biblioteca actual Ubicación en estantería Fecha de adquisición Fuente de adquisición Total de préstamos Signatura topográfica completa Código de barras Visto por última vez Precio de reemplazo Tipo de ítem Koha
        Biblioteca del Ateneo de Madrid Biblioteca del Ateneo de Madrid Depósito 2 17/01/2008     L-4954 1029140 23/02/2023 23/02/2023 Libro impreso